000 00553nam a22001937a 4500
003 KOHA_MİRAKIL
005 20251001144537.0
008 251001b tu ||||| |||| 00| 0 tur d
020 _a9789750527357
040 _aTR-AnABB
_btur
_cTR-AnABB
041 _atur
082 _a813.42
_bYAZ 2020
100 1 _aYazıcıoğlu, Taçlı,
245 1 0 _aHep sondan başlar /
_cTaçlı Yazıcıoğlu
260 _aİstanbul :
_bİletişim Yayıncılık,
_c2020
300 _a291 sayfa ;
_c21 cm
650 0 4 _aTürk edebiyatı, roman
942 _2ddc
_cBK
999 _c9008
_d9008
900 _bGizem YORULMAZ